| 000 | 00939nam0a2200253 4500 | ||
|---|---|---|---|
| 001 | RU\NLR\BIBL_A\011369489 | ||
| 005 | 20260319151029.0 | ||
| 010 |
_a5-7380-0038-2 _92000 |
||
| 035 | _a(NLR Aleph) 011369489 | ||
| 090 |
_a11342952 _c11342952 |
||
| 100 | _a20170418d1999 u y0rusy50 ca | ||
| 101 | 1 |
_arus _cfre |
|
| 102 | _aRU | ||
| 105 | _ay z 000 y | ||
| 200 | 1 |
_aСистема вещей _fЖан Бодрийяр _g[перевод с французского и сопроводительная статья С. Зенкина] |
|
| 210 |
_aМосква _cРудомино _d1999 |
||
| 215 |
_a218, [6] с. _d21 |
||
| 606 | 1 |
_aПостмодернизм (филос.) _yФранция _92701570 _3RU\NLR\AUTH\6601767885 |
|
| 686 | 1 | _aЮ3(4Фр)6-68 | |
| 700 | 1 |
_7ca _8rus _aБодрийяр _bЖ. _f1929-2007 _gЖан _9120510 _3RU\NLR\AUTH\7710745 |
|
| 942 | _cBOOK | ||
| 980 | _aNB | ||